000 00338pam a2200145 a 4500
020 _c
041 _h
082 _a709.54
_bPUN
100 _aPundoles .
245 _aPundoles The fine and Decorative Arts sale
_hTextual Documents
250 _a2013.
260 _aMumbai:
_b Piyush Pandy .
300 _a334:
_bpaper.
930 _a8736
999 _c242526
_d242526